Věková diverzita se stává výzvou a trendem

Vzhľadom k nepriaznivému demografickému vývoju sa stáva aktuálnou záležitosťou veková diverzita. Bariéry medzi generáciami. Silné a slabé stránky mladšej a staršej generácie.

Gespeichert in:
Bibliographische Detailangaben
1. Verfasser: Kazdová, Alena
Format: Buchkapitel
Sprache:Tschechisch
Schlagworte:
Tags: Tag hinzufügen
Keine Tags, Fügen Sie das erste Tag hinzu!

MARC

LEADER 00000naa a2200000 4500
001 0166284
005 20231019120341.1
041 0 |a cze 
044 |a CZ 
245 1 0 |a Věková diverzita se stává výzvou a trendem  |c Alena Kazdová 
520 |a Vzhľadom k nepriaznivému demografickému vývoju sa stáva aktuálnou záležitosťou veková diverzita. Bariéry medzi generáciami. Silné a slabé stránky mladšej a staršej generácie. 
610 2 0 |a firmy 
610 2 0 |a zamestnanci 
610 2 0 |a generácie 
610 2 0 |a vek 
100 1 |a Kazdová, Alena